| 000 | 01253nam a2200349 i 4500 | ||
|---|---|---|---|
| 001 | 47012 | ||
| 003 | KOSZ 005 | ||
| 005 | 20190806134015.0 | ||
| 008 | 070222s1973 pl a f f 001 0 pol | ||
| 015 | _aPB 1973/3857 | ||
| 040 |
_aWA N _cWA N _dKOSZ 005/RW |
||
| 080 | _a621.01 | ||
| 080 | _a(075.8) | ||
| 100 | 1 |
_aKorewa, Witold _d(1899-1976). _eAutor |
|
| 245 | 1 | 0 |
_aPodstawy konstrukcji maszyn. _nCz. 2 / _cWitold Korewa, Kazimierz Zygmunt. |
| 250 | _aWydanie 4. | ||
| 260 |
_aWarszawa : _bWydawnictwa Naukowo-Techniczne, _c1973. |
||
| 300 |
_a507, [1] stron, [1] karta tablic : _bilustracje ; _c24 cm. |
||
| 336 |
_aTekst _btxt _2rdacontent |
||
| 337 |
_aBez urządzenia pośredniczącego _bn _2rdamedia |
||
| 338 |
_aWolumin _bnc _2rdacarrier |
||
| 380 | _aKsiążki | ||
| 504 | _aBibliografia przy rozdziałach. Indeks. | ||
| 658 | _aInżynieria i technika | ||
| 655 | 4 | _aPodręczniki akademickie | |
| 650 | 4 | _aMaszyny | |
| 650 | 4 | _aBudowa i konstrukcje | |
| 700 | 1 |
_aZygmunt, Kazimierz _d(1918-1970). _eAutor |
|
| 710 | 2 |
_aWydawnictwa Naukowo-Techniczne _4pbl. |
|
| 856 |
_uhttp://koha.tu.koszalin.pl/cgi-bin/koha/opac-detail.pl?biblionumber=47012 _yKatalog online BPK |
||
| 942 |
_2UKD _cKS |
||
| 999 |
_c47012 _d47012 |
||